书目信息 |
| 题名: |
女人没有岸
|
|
| 作者: | 陈染 编著 | |
| 分册: | ||
| 出版信息: | 南京 江苏文艺出版社 1996.12 |
|
| 页数: | 295页 | |
| 开本: | 32开 | |
| 丛书名: | ||
| 单 册: | ||
| 中图分类: | I267.1 | |
| 科图分类: | ||
| 主题词: | 散文--中国 , 散文--作品综合集--中国 | |
| 电子资源: | ||
| ISBN: | 7-5399-0996-X | |
| 000 | 00574nam0 2200205 45 | |
| 001 | 0011111453 | |
| 005 | 20001111145327.4 | |
| 010 | @a7-5399-0996-X@d12.50元 | |
| 100 | @a20001111d1996 km y0chiy0120 ea | |
| 101 | 0 | @achi |
| 105 | @a z 000yy | |
| 200 | 1 | @a女人没有岸@ANu Ren Mei You An@f陈染编著@FChen Ran Bian Zhu |
| 210 | @a南京@c江苏文艺出版社@d1996.12 | |
| 215 | @a295页@d32开 | |
| 606 | 0 | @a散文@x中国 |
| 606 | 0 | @a散文@x作品综合集@x中国 |
| 690 | @aI267.1@v3 | |
| 701 | 0 | @a陈染@4编著 |
| 801 | @aCN@bPftUser@c20001111 | |
| 905 | @b402221-222@dI267.1@eCH.199:4@f2 | |
| 女人没有岸/陈染编著.-南京:江苏文艺出版社,1996.12 |
| 295页;32开 |
| ISBN 7-5399-0996-X:12.50元 |
| ● |
| 相关链接 |
|
|
|
正题名:女人没有岸
索取号:I267.1/CH.199:4
 
预约/预借
| 序号 | 登录号 | 条形码 | 馆藏地/架位号 | 状态 | 备注 |
| 1 | 402221 | 204022217 | 文学库116/400B社科库 27排1列5层/ [索取号:I267.1/CH.199:4] | 在馆 | |
| 2 | 402222 | 204022226 | 社科二线400B/400B社科库 27排1列5层/ [索取号:I267.1/CH.199:4] | 在馆 |